00877nas a22001937i 45000010005000000030004000050050017000090070003000260080041000290220014000700240014000840240020000980400008001181000024001262450110001502600032002608660046002928660345003385819OSt20170126082350.0tu161220s xxu||||| |||| 00| 0 d a0043-26527 a58192RID7 a58192RSN (alt) cOSt1 aSiebert, HorsteEd.00aDie WeltwirtschaftbVierteljahreszeitschrift des Instituts für Weltwirtschaft an der Universität Kiel aTübingen :bMohr Siebeck. 0u1989/1 - 1997/2, 2000/3 (unvollständig) 0uBestände unvollständig

vorhanden:
1989/1,2
1990/1
1991/1,2
1992/1,3 + Bericht
1993/1,2,4 + Bericht
1994/1-4
1995/1
1996/1,2
1997/2
2000/3

fehlende Bestände:
1989/3-4
1990/2-4
1991/3-4
1992/2,4
1993/3
1995/2-4
1996/3-4
1997/1,3-4
1998/1-4
1999/1-4
2000/1-2,4